000 03494nam a22002657a 4500
001 102830
003 UA-OsUOA
005 20230131142139.0
007 ta
008 20131003b un ||||| |||| 00| 0 ukr d
040 _aUA-OsUOA
_brus
_cUA-OsUOA
_dUA-OsUOA
041 _arus
080 _a2(091)(477)
090 _a2(091)(477)
_bР93
100 _aРыбаков Б. А.
110 _aАкадемия наук СССР
_bОтделение истории
245 _aЯзычество древней Руси
_cБ. А. Рыбаков
260 _aМ.
_bНаука
_c1987
300 _a784 с.
520 _aЭта книга является прямым продолжением, как бы вторым томом, моего исследования «Язычество древних славян», вышедшего в 1981 г. В первой книге автора интересовали прежде всего глубокие корни тех народных религиозных представлений, которые охватываются неопределённым термином «язычество». При выяснении этих корней и глубины народной памяти приходилось широко пользоваться не только отрывочными сведениями об археологических реалиях древности, но и данными народного искусства и фольклора XIX в. и средневековыми поучениями против язычества, написанными в XI-XIII вв. Эти экскурсы в более поздние эпохи служили только одной цели - помочь выяснению первичных форм мифологии, её истоков и, насколько это было возможно, определению времени возникновения тех или иных религиозно-мифологических представлений. Углубление в палеолит или энеолит не являлось самоцелью и отнюдь не означало полной и всесторонней обрисовки представлений этих эпох. Автору важно было показать, что элементы мировоззрения глубочайшей древности сохранились в крестьянской среде России вплоть до XIX, а кое в чем и до начала XX в. Это давало право широко использовать такой драгоценный материал, как этнографический, для всех промежуточных эпох. Данный, второй, том посвящен, во-первых, анализу восточнославянского язычества на протяжении всего I тысячелетия нашей эры вплоть до встречи с христианством; во-вторых, здесь будет рассмотрен сложный симбиоз древней народной религии с привнесенным извне христианством.
650 7 _a2 Релігія
_2UDC
942 _cBK
_2udc
955 _a1
999 _c388817
_d388817